ASME 2009 28th International Conference on Ocean, Offshore and Arctic Engineering - Volume 2: Structures, Safety and Reliability

Bibliografische gegevens
Formaat: Elektronisch Tijdschrift
Taal:English
Gepubliceerd in: ASME
Online toegang:Full text available on ASME[2009-2009]
Off-campus access
LEADER 01019cas a2200181 a 4500
001 AALConferenceProceedingsASME001063
008 230101c9999 xx r poo 0 0eng d
020 |a 978-0-7918-4342-0 
040 |a BD-DhAAL  |c BD-DhAAL 
245 0 0 |h [electronic resource]  |a ASME 2009 28th International Conference on Ocean, Offshore and Arctic Engineering - Volume 2: Structures, Safety and Reliability 
260 |b ASME 
300 |a 1 online resource 
500 |a <strong>Off-Campus Access:</strong> Athens ID and Password Required 
500 |a <strong>On-Campus Access:</strong> No User ID or Password Required 
506 |a Electronic access restricted to authorized BRAC University faculty, staff and students 
538 |a Mode of access: Internet 
856 4 0 |z Full text available on ASME[2009-2009]  |u https://asmedigitalcollection.asme.org/OMAE/OMAE2009/volume/43420 
856 4 0 |z Off-campus access  |u https://go.openathens.net/redirector/bracu.ac.bd?url=https%3A%2F%2Fasmedigitalcollection.asme.org%2FOMAE%2FOMAE2009%2Fvolume%2F43420